Poesía en movimiento : (Record no. 45282)

MARC details
000 -CABECERA
campo de control de longitud fija 01075nam a2200301 a 4500
003 - IDENTIFICADOR DEL NÚMERO DE CONTROL
campo de control MX-MxUPN
005 - FECHA Y HORA DE LA ÚLTIMA TRANSACCIÓN
campo de control 20241101063723.0
008 - ELEMENTOS DE LONGITUD FIJA--INFORMACIÓN GENERAL
campo de control de longitud fija 991125s1985 mx gr 000 p spa d
020 ## - NÚMERO INTERNACIONAL NORMALIZADO PARA LIBROS
Número Internacional Estándar del Libro 968290837X
035 ## - NÚMERO DE CONTROL DEL SISTEMA
Número de control de sistema UPN01000045282
040 ## - FUENTE DE LA CATALOGACIÓN
Centro catalogador/agencia de origen MX-MxUPN
Lengua de catalogación spa
Centro/agencia transcriptor MX-MxUPN
041 ## - CÓDIGO DE IDIOMA
Código de lengua del texto/banda sonora o título independiente spa
050 #4 - SIGNATURA TOPOGRÁFICA DE LA BIBLIOTECA DEL CONGRESO
Número de clasificación PQ7104
Número de documento/Ítem L57 no.4-5
245 00 - MENCIÓN DE TÍTULO
Título Poesía en movimiento :
Resto del título México : 1915-1966
250 ## - MENCIÓN DE EDICIÓN
Mención de edición Primera edición
260 ## - PUBLICACIÓN, DISTRIBUCIÓN, ETC.
Lugar de publicación, distribución, etc. México, D.F. :
Nombre del editor, distribuidor, etc. Secretaría de Educación Pública, Subsecretaría de Cultura :
-- Siglo XXI Editores,
Fecha de publicación, distribución, etc. 1985.
300 ## - DESCRIPCIÓN FÍSICA
Extensión 2 volúmenes
490 ## - MENCIÓN DE SERIE
Mención de serie Lecturas mexicanas. Serie mexicanas ;
Designación de volumen o secuencia 4-5
504 ## - NOTA DE BIBLIOGRAFÍA, ETC.
Nota de bibliografía, etc. Incluye índice.
650 #2 - ASIENTO SECUNDARIO DE MATERIA - TERMINO TEMATICO
Término de materia o nombre geográfico como elemento de entrada Poesía mexicana
Subdivisión cronológica Siglo XX
Subdivisión de forma Colecciones
9 (RLIN) 1286
700 1# - ASIENTO SECUNDARIO--NOMBRE DE PERSONAL
Nombre de persona Paz, Octavio,
Fechas asociadas al nombre 1914-1998
Término indicativo de función/relación selección
-- notas
700 1# - ASIENTO SECUNDARIO--NOMBRE DE PERSONAL
Nombre de persona Chumacero, Alí,
Fechas asociadas al nombre 1918-2010
Término indicativo de función/relación selección
-- notas
9 (RLIN) 13445
700 1# - ASIENTO SECUNDARIO--NOMBRE DE PERSONAL
Nombre de persona Aridjis, Homero,
Fechas asociadas al nombre 1940-
Término indicativo de función/relación selección
-- notas
9 (RLIN) 28750
700 1# - ASIENTO SECUNDARIO--NOMBRE DE PERSONAL
Nombre de persona Pacheco, José Emilio,
Fechas asociadas al nombre 1939-2014
Término indicativo de función/relación selección
-- notas
9 (RLIN) 28583
902 ## - ELEMENTOS DE DATOS B LOCAL, LDB (RLIN)
Modificó MaríaRobles/311024
905 ## - TIPO DE MATERIAL
Tipo de material Libro
942 ## - ELEMENTOS DE PUNTO DE ACCESO ADICIONAL (KOHA)
Fuente del sistema de clasificación o colocación Library of Congress Classification
Tipo de ítem Koha Libro
Suprimir en OPAC No
Holdings
Estado de retiro Estado de pérdida Fuente del sistema de clasificación o colocación Estado dañado No para préstamo Código de colección Localización permanente Ubicación/localización actual Ubicación en estantería Fecha de adquisición Enumeración/cronología de publicación seriada Clasificación Código de barras Fecha visto por última vez Número de copia Tipo de ítem Koha Total de préstamos Precio válido a partir de
    Library of Congress Classification   En proceso Colección General Bib. Gregorio Torres Quintero Bib. Gregorio Torres Quintero Planta baja 06/06/2022 v.1 PQ7104 L57 no.4-5 242290 31/12/2020 Ej.2 Libro    
    Library of Congress Classification   En proceso Colección General Bib. Gregorio Torres Quintero Bib. Gregorio Torres Quintero Planta baja 09/05/2023 v.1 PQ7104 L57 no.4-5 76939 31/12/2020 1 Libro    
    Library of Congress Classification   En proceso Colección General Bib. Gregorio Torres Quintero Bib. Gregorio Torres Quintero Planta baja 06/06/2022 v.2 PQ7104 L57 no.4-5 252885 31/12/2020 Ej.2 Libro    
    Library of Congress Classification   En proceso Colección General Bib. Gregorio Torres Quintero Bib. Gregorio Torres Quintero Planta baja 09/05/2023 v.2 PQ7104 L57 no.4-5 79045 31/12/2020 1 Libro 1  
    Library of Congress Classification     Colección General Bib. Gregorio Torres Quintero Bib. Gregorio Torres Quintero Planta baja 06/06/2022 v.1 PQ7104 L57 no.4-5 252849 31/12/2020 Ej.3 Libro    
    Library of Congress Classification     Colección General Bib. Gregorio Torres Quintero Bib. Gregorio Torres Quintero Planta baja 31/10/2024 v.2 PQ7104 L57 no.4-5 340231 31/10/2024 Ej.3 Libro   31/10/2024
    Library of Congress Classification     Colección General Bib. Gregorio Torres Quintero Bib. Gregorio Torres Quintero Planta baja 31/10/2024 v.1 PQ7104 L57 no.4-5 340232 31/10/2024 Ej. 4 Libro   31/10/2024